أربعة كتب اسماعيلية : (Record no. 7286)
[ view plain ]
| 000 -الفاتح | |
|---|---|
| حقل البيانات ثابتة الطول | 01131nac a22001811u 4500 |
| 008 - عناصر البيانات ثابتة الطول - معلومات عامة | |
| حقل البيانات ثابتة الطول | 101027t xxu||||| |||| 00| 0 ara d |
| 082 ## - رقم تصنيف ديوى العشرى | |
| رقم التصنيف | 263.9 |
| رقم المادة | و ل ي |
| 245 ## - بيان العنوان | |
| العنوان | أربعة كتب اسماعيلية : |
| بقية العنوان | مسائل مجموعة من الحقائق العالية والدقائق والأسرار السامية: التي لا يجوز الاطلاع عليها الا باذن من له العقد والحل / |
| بيان المسئوليه,etc | علي بن محمد بن الوليد ؛ عنى بتصحيحها ر. شتروطمان، المجمع العلمي غوتينغن |
| 260 ## - PUBLICATION, DISTRIBUTION, ETC. (IMPRINT) | |
| مكان الناشر او الموزع | بغداد : |
| اسم الناشر او الموزع | مكتبة المثنى ، |
| تاريخ النشر أو التوزيع | [د .ت]. |
| 300 ## - الوصف المادى | |
| التعداد | 200 ، 61 ص ؛ |
| أبعاد الوعاء | 24 سم. |
| 500 ## - تبصرة عامة | |
| تبصرة عامة | يشتمل على كشافات |
| 500 ## - تبصرة عامة | |
| تبصرة عامة | النص بالعربية والفرنسية |
| 511 ## - | |
| -- | Catalogued by: Sara |
| 650 ## - المدخل الاضافى بالموضوع-مصطلح موضوعى | |
| مصطلح موضوعي أو اسم جغرافي كعنصر مدخل | الإسماعيلية (طرق صوفية) |
| 9 (RLIN) | 21600 |
| 700 ## - المدخل الاضافى - اسم شخصى | |
| الإسم الشخصى | رودلف ، شتروطمان |
| 9 (RLIN) | 20692 |
| 942 ## - عناصر المدخل الإضافي( كوها) | |
| Koha [default] item type | Book - Borrowing |
| سابقة رقم الطلب | 263.9 و ل ي |
| مصدر التصنيف او مخطط الترفيف | Dewey Decimal Classification |
| حالة التراجع | حالة الفقد | مصدر التصنيف او خطة الترفيف | حالة تلف | ليس للاعارة | مجموعات كوها | المكان الدائم | المكان الحالي | موقع الترفيف | تاريخ الاكتساب | Source of acquisition | رقم الاستدعاء | الباركود | Date last seen | نوع الوعاء |
|---|---|---|---|---|---|---|---|---|---|---|---|---|---|---|
| Dewey Decimal Classification | Alef-Baa | Central Library | Central Library | Lower Floor | 08/01/2017 | 263.9 و ل ي | 000008849 | 15/07/2025 | Book - Borrowing |